|
|
|
|
| LEADER |
00000nam0a2200000 4500 |
| 001 |
105804 |
| 005 |
20240112124859.0 |
| 035 |
|
|
|a (RuTPU)RU\TPU\book\114166
|
| 090 |
|
|
|a 105804
|
| 100 |
|
|
|a 20061122d2006 m y0rusy50 ca
|
| 101 |
0 |
|
|a rus
|
| 102 |
|
|
|a RU
|
| 105 |
|
|
|a a j 001zy
|
| 200 |
1 |
|
|a Статистический анализ эколого-геохимической информации
|e учебно-методическое пособие
|f А. А. Михальчук, Е. Г. Язиков, В. В. Ершов
|g Томский политехнический университет
|
| 210 |
|
|
|a Томск
|c Изд-во ТПУ
|d 2006
|
| 215 |
|
|
|a 235 с.
|c ил.
|
| 225 |
1 |
|
|a Учебники Томского политехнического университета
|
| 320 |
|
|
|a Библиогр.: с. 233-234.
|
| 330 |
|
|
|a Учебное пособие содержит краткие теоретические сведения в области математической статистики, примеры и рекомендации по решению типовых задач с использованием современного компьютерного инструментария (систем STATISTICA и Excel) на уровне модульного анализа данных с помощью мастер-макросов, показывает особенности статистического анализа в случае малых выборок. Оно снабжено наглядными графическими иллюстрациями, выполненными в системе STATISTICA 6.0, и содержит список рекомендуемой литературы. Пособие предназначено для студентов и аспирантов по специальности 320300 (013600) «Геоэкология» и может быть полезным при усвоении теоретического материала и овладении необходимыми практическими навыками при проведении сравнительного статистического анализа (ССА) эколого-геохимической информации.
|
| 610 |
1 |
|
|a экологическая геохимия
|
| 610 |
1 |
|
|a эколого-геохимическая информация
|
| 610 |
1 |
|
|a статистический анализ
|
| 610 |
1 |
|
|a математические основы
|
| 610 |
1 |
|
|a теория вероятностей
|
| 610 |
1 |
|
|a компьютерные практикумы
|
| 610 |
1 |
|
|a описательная статистика
|
| 610 |
1 |
|
|a статистические гипотезы
|
| 610 |
1 |
|
|a проверка
|
| 610 |
1 |
|
|a корреляционно-регрессионный анализ
|
| 610 |
1 |
|
|a кластерный анализ
|
| 610 |
1 |
|
|a модульный анализ
|
| 610 |
1 |
|
|a сравнительный статистический анализ
|
| 610 |
1 |
|
|a лабораторные работы
|
| 610 |
1 |
|
|a презентации
|
| 610 |
1 |
|
|a учебные пособия
|
| 610 |
1 |
|
|a труды учёных ТПУ
|
| 675 |
|
|
|a 550.4:51(075.8)
|v 3
|
| 700 |
|
1 |
|a Михальчук
|b А. А.
|c математик
|c доцент Томского политехнического университета, кандидат физико-математических наук
|f 1954-
|g Александр Александрович
|3 (RuTPU)RU\TPU\pers\27011
|
| 701 |
|
1 |
|a Язиков
|b Е. Г.
|c специалист в области геологии и минералогии
|c профессор Томского политехнического университета, доктор геолого-минералогических наук, заместитель проректора по образовательной и международной деятельности
|f 1955-
|g Егор Григорьевич
|3 (RuTPU)RU\TPU\pers\26057
|9 11896
|
| 701 |
|
1 |
|a Ершов
|b В. В.
|c российский геохимик
|c доцент Томского политехнического университета, кандидат геолого-минералогических наук
|f 1962-2010
|g Василий Владимирович
|3 (RuTPU)RU\TPU\pers\26066
|
| 712 |
0 |
2 |
|a Томский политехнический университет
|3 (RuTPU)RU\TPU\col\376
|
| 801 |
|
1 |
|a RU
|b 63413507
|c 20061122
|g PSBO
|
| 801 |
|
2 |
|a RU
|b 63413507
|c 20210122
|g PSBO
|
| 942 |
|
|
|c BK
|